| 000 | 01568nam a2200361Ia 4500 | ||
|---|---|---|---|
| 001 | ebr10279944 | ||
| 003 | CaPaEBR | ||
| 006 | m u | ||
| 007 | cr cn||||||||| | ||
| 008 | 081022s2009 ne a sb 001 0 eng d | ||
| 010 | _z 2008046404 | ||
| 020 | _z9789027255211 | ||
| 020 | _z9027255210 | ||
| 040 |
_aCaPaEBR _cCaPaEBR |
||
| 035 | _a(OCoLC)316764798 | ||
| 050 | 1 | 4 |
_aP281 _b.S497 2009eb |
| 100 | 1 | _aSiddiqi, Daniel. | |
| 245 | 1 | 0 |
_aSyntax within the word _h[electronic resource] : _beconomy, allomorphy, and argument selection in distributed morphology / _cDaniel Siddiqi. |
| 260 |
_aAmsterdam ; _aPhiladelphia : _bJohn Benjamins Pub., _cc2009. |
||
| 300 |
_axii, 138 p. : _bill. |
||
| 490 | 1 |
_aLinguistik aktuell = _aLinguistics today, _x0166-0829 ; _vv. 138 |
|
| 500 | _aBased on the author's thesis (Ph. D.) -- University of Arizona, 2006. | ||
| 504 | _aIncludes bibliographical references (p. [133]-136) and index. | ||
| 533 |
_aElectronic reproduction. _bPalo Alto, Calif. : _cebrary, _d2009. _nAvailable via World Wide Web. _nAccess may be limited to ebrary affiliated libraries. |
||
| 650 | 0 |
_aGrammar, Comparative and general _xSyntax. |
|
| 650 | 0 |
_aGrammar, Comparative and general _xMorphology. |
|
| 650 | 0 |
_aGrammar, Comparative and general _xWord formation. |
|
| 650 | 0 | _aLinguistics. | |
| 655 | 7 |
_aElectronic books. _2local |
|
| 710 | 2 | _aebrary, Inc. | |
| 830 | 0 |
_aLinguistik aktuell ; _vBd. 138. |
|
| 856 | 4 | 0 |
_uhttp://site.ebrary.com/lib/rucke/Doc?id=10279944 _zAn electronic book accessible through the World Wide Web; click to view |
| 999 |
_c3973 _d3973 |
||